Geology and mineral deposits of the Shulaps Range, southwestern British Columbia. (Record no. 28819)
[ view plain ]
| 000 -LEADER | |
|---|---|
| fixed length control field | 01090cam a22002651 4500 |
| 001 - CONTROL NUMBER | |
| control field | gs 54000022 |
| 003 - CONTROL NUMBER IDENTIFIER | |
| control field | DLC |
| 005 - DATE AND TIME OF LATEST TRANSACTION | |
| control field | 20260227111401.0 |
| 008 - FIXED-LENGTH DATA ELEMENTS--GENERAL INFORMATION | |
| fixed length control field | 861112s1953 bccbef b 000 0 eng c |
| 010 ## - LIBRARY OF CONGRESS CONTROL NUMBER | |
| LC control number | gs 54000022 |
| 035 ## - SYSTEM CONTROL NUMBER | |
| System control number | (OCoLC)14705253 |
| 040 ## - CATALOGING SOURCE | |
| Original cataloging agency | U.S. Geol. Survey. Libr. |
| Transcribing agency | TxDaM |
| Modifying agency | TxDaM |
| -- | OCoLC |
| -- | DLC |
| 042 ## - AUTHENTICATION CODE | |
| Authentication code | premarc |
| 050 00 - LIBRARY OF CONGRESS CALL NUMBER | |
| Classification number | TN27 |
| Item number | .B72 no. 32 |
| 100 1# - MAIN ENTRY--PERSONAL NAME | |
| Personal name | Leech, G. B. |
| Fuller form of name | (Geoffrey Bosdin), |
| Dates associated with a name | 1918- |
| 245 00 - TITLE STATEMENT | |
| Title | Geology and mineral deposits of the Shulaps Range, southwestern British Columbia. |
| 260 ## - PUBLICATION, DISTRIBUTION, ETC. | |
| Place of publication, distribution, etc. | Victoria, |
| Name of publisher, distributor, etc. | D. McDiarmid, Printer to the Queen, |
| Date of publication, distribution, etc. | 1953. |
| 300 ## - PHYSICAL DESCRIPTION | |
| Extent | 54 p. |
| Other physical details | 15 plates, maps (1 fold. col. in pocket) plan. |
| Dimensions | 27 cm. |
| 490 1# - SERIES STATEMENT | |
| Series statement | Bulletin (British Columbia. Dept. of Mines and Petroleum Resources) |
| Volume/sequential designation | no. 32 |
| 504 ## - BIBLIOGRAPHY, ETC. NOTE | |
| Bibliography, etc. note | Bibliography: p. 8-9. |
| 650 #0 - SUBJECT ADDED ENTRY--TOPICAL TERM | |
| Topical term or geographic name entry element | Geology |
| Geographic subdivision | British Columbia |
| -- | Shulaps Range. |
| 650 #0 - SUBJECT ADDED ENTRY--TOPICAL TERM | |
| Topical term or geographic name entry element | Petrology |
| Geographic subdivision | British Columbia |
| -- | Shulaps Range. |
| 650 #0 - SUBJECT ADDED ENTRY--TOPICAL TERM | |
| Topical term or geographic name entry element | Mines and mineral resources |
| Geographic subdivision | British Columbia |
| -- | Shulaps Range. |
| 830 #0 - SERIES ADDED ENTRY--UNIFORM TITLE | |
| Uniform title | Bulletin (British Columbia. Department of Mines and Petroleum Resources) |
| Volume/sequential designation | no. 32. |
No items available.